| 000 | 00468cam a2200169ua 4500 | ||
|---|---|---|---|
| 003 | OSt | ||
| 008 | 210806b ||||| |||| 00| 0 eng d | ||
| 020 | _a9788120409689 | ||
| 082 |
_a631.56 _bCHA/PO |
||
| 100 |
_aChakraverty, A _94919 |
||
| 245 | _aPost harvest technology of cereals pulses and oilseeds / | ||
| 250 | _a1 / | ||
| 260 |
_aNew Delhi : _bOxford & IBH Publishing company , _c1988. |
||
| 300 | _a299 ; . | ||
| 500 | _a18473, 18316 Scheme | ||
| 942 | _cBK | ||
| 999 |
_c8786 _d8786 |
||